Measuring customers satisfaction of the Agrani Bank Ltd : A study on Amin Court corporate Branch ,Motijheel / Internship Report (Record no. 13971)

MARC details
000 -LEADER
fixed length control field 00980nam a22002417a 4500
003 - CONTROL NUMBER IDENTIFIER
control field BD-DhSAU
005 - DATE AND TIME OF LATEST TRANSACTION
control field 20181202170848.0
008 - FIXED-LENGTH DATA ELEMENTS--GENERAL INFORMATION
fixed length control field 161006b2015 bg ad||| |||| 00| 0 eng d
040 ## - CATALOGING SOURCE
Original cataloging agency BD-DhSAU
082 ## - DEWEY DECIMAL CLASSIFICATION NUMBER
Edition number 22
Classification number 338.1
Item number N141
100 ## - MAIN ENTRY--PERSONAL NAME
Personal name Nahiduzzaman, K.M.
Relator code Registration No # 08-02853
245 ## - TITLE STATEMENT
Title Measuring customers satisfaction of the Agrani Bank Ltd : A study on Amin Court corporate Branch ,Motijheel / Internship Report
Statement of responsibility, etc. Nahiduzzaman, K.M
260 ## - PUBLICATION, DISTRIBUTION, ETC. (IMPRINT)
Place of publication, distribution, etc. Sher- e- Bangla Agricultural University ,Dhaka :
Name of publisher, distributor, etc. Faculty of Agribusiness management
Date of publication, distribution, etc. 2015
300 ## - PHYSICAL DESCRIPTION
Extent vi ; 61 p. :
Other physical details ill. ;
Dimensions 30 cm.
504 ## - BIBLIOGRAPHY, ETC. NOTE
Bibliography, etc Includes biblio. references
590 ## - Name of Cataloguer
Name of Cataloger shofi
650 ## - SUBJECT ADDED ENTRY--TOPICAL TERM
Topical term or geographic name as entry element Agribusiness
650 ## - SUBJECT ADDED ENTRY--TOPICAL TERM
Topical term or geographic name as entry element Customers satisfaction
650 ## - SUBJECT ADDED ENTRY--TOPICAL TERM
Topical term or geographic name as entry element Agrani Bank Ltd.
Geographic subdivision Amin Court corporate Branch ,Motijheel
700 ## - ADDED ENTRY--PERSONAL NAME
Personal name Rahman, Md. Rakibur
Relator code Supervisor
856 ## - ELECTRONIC LOCATION AND ACCESS
Uniform Resource Identifier <a href="http://archive.saulibrary.edu.bd:8080/xmlui/handle/123456789/1839">http://archive.saulibrary.edu.bd:8080/xmlui/handle/123456789/1839</a>
Link text Online Access
942 ## - ADDED ENTRY ELEMENTS (KOHA)
Source of classification or shelving scheme Dewey Decimal Classification
Koha item type Internship Report
Holdings
Withdrawn status Lost status Source of classification or shelving scheme Damaged status Not for loan Collection code Home library Branch Name Date acquired Total Checkouts Full call number Barcode Date last seen Price effective from Koha item type
    Dewey Decimal Classification   Not For Loan Reference SAU Library SAU Library 29/05/2017   338.1 N141 40154 30/05/2017 30/05/2017 Internship Report